000 00936nam a22002177a 4500
001 8749
003 FISKH
005 20251016151249.0
008 251016b cb ||||| |||| 00| 0 eng d
020 _a9789924571001
040 _aFISKH
_beng
_cFISKH
_dFISKH
082 _a344.0460956
100 _aPhallack, Kong
245 _aContemporary environmental law in Cambodia and future perspectives :
_bThe law talks:
260 _aPhnom Penh :
_bKonrad-Adenauer-Stiftung,
_c2020.
300 _a83 pages :
_c26 cm
520 _aThe Law Talks: Contemporary Environmental Law in Cambodia and Future Perspectives is a collection of articles (six papers) by Cambodian and foreign legal scholars and experts examining current issues in environmental law in Cambodia as well as offering perspectives for future legal reform.
650 _aEnvironmental Law
_vCambodian Legal System
_xPolicy Reform
942 _2ddc
_cBK
_n0
999 _c8749
_d8749